TEXT BOOK OF PHYSIOLOGY FOR DENYAL STUDENTS (Record no. 2492)

MARC details
000 -LEADER
fixed length control field 00367nam a2200145Ia 4500
008 - FIXED-LENGTH DATA ELEMENTS--GENERAL INFORMATION
fixed length control field 150201s1995 xx 000 0 und d
082 ## - DEWEY DECIMAL CLASSIFICATION NUMBER
Classification number 612
Item number T95J
100 ## - MAIN ENTRY--PERSONAL NAME
Personal name YADAV,JOYTI
245 ## - TITLE STATEMENT
Title TEXT BOOK OF PHYSIOLOGY FOR DENYAL STUDENTS
250 ## - EDITION STATEMENT
Edition statement 1ST
260 ## - PUBLICATION, DISTRIBUTION, ETC. (IMPRINT)
Name of publisher, distributor, etc. JAYPEE MEDICAL PUBLISHER
Place of publication, distribution, etc. DELHI
Date of publication, distribution, etc. 1995
300 ## - PHYSICAL DESCRIPTION
Extent 1-291
650 ## - SUBJECT ADDED ENTRY--TOPICAL TERM
Topical term or geographic name as entry element PHYSIOLOGY
942 ## - ADDED ENTRY ELEMENTS (KOHA)
Source of classification or shelving scheme Dewey Decimal Classification
Koha item type Books
Holdings
Withdrawn status Lost status Source of classification or shelving scheme Damaged status Not for loan Home library Current library Date acquired Source of acquisition Cost, normal purchase price Serial Enumeration / chronology SGTU Bill Number Total Checkouts Full call number Barcode Date last seen Bill Date Koha item type
    Dewey Decimal Classification     SGT Dental Library SGT Dental Library 10/04/2002 U.B.S .DELHI 125.00 1 SGTU 45   612 T95J FD183 09/02/2015 23/01/2012 Books
    Dewey Decimal Classification     SGT Dental Library SGT Dental Library 10/04/2002 U.B.S .DELHI 125.00 1 SGTU 45   612 T95J FD184 09/02/2015 23/01/2012 Books
    Dewey Decimal Classification     SGT Dental Library SGT Dental Library 10/04/2002 U.B.S .DELHI 125.00 1 SGTU 45   612 T95J FD185 09/02/2015 23/01/2012 Books
    Dewey Decimal Classification     SGT Dental Library SGT Dental Library 10/04/2002 U.B.S .DELHI 125.00 1 SGTU 45   612 T95J FD186 09/02/2015 23/01/2012 Books
    Dewey Decimal Classification     SGT Dental Library SGT Dental Library 10/04/2002 U.B.S .DELHI 125.00 1 SGTU 45   612 T95J FD187 09/02/2015 23/01/2012 Books
    Dewey Decimal Classification     SGT Dental Library SGT Dental Library 10/04/2002 U.B.S .DELHI 125.00 1 SGTU 45   612 T95J FD188 09/02/2015 23/01/2012 Books
    Dewey Decimal Classification     SGT Dental Library SGT Dental Library 10/04/2002 U.B.S .DELHI 125.00 1 SGTU 45   612 T95J FD189 09/02/2015 23/01/2012 Books
    Dewey Decimal Classification     SGT Dental Library SGT Dental Library 10/04/2002 U.B.S .DELHI 125.00 1 SGTU 45   612 T95J FD190 09/02/2015 23/01/2012 Books
    Dewey Decimal Classification     SGT Dental Library SGT Dental Library 10/04/2002 U.B.S .DELHI 125.00 1 SGTU 45   612 T95J FD191 09/02/2015 23/01/2012 Books
    Dewey Decimal Classification     SGT Dental Library SGT Dental Library 10/04/2002 U.B.S .DELHI 125.00 1 SGTU 45   612 T95J FD192 09/02/2015 23/01/2012 Books